000
00263nam a2200085Ia 4500
245
0
_a
The yoga bible : the definitive guide to yoga postures
100
_a
BROWN, Christina London, [c.2009]
_9
95904
942
_c
BK
008
210817s9999 xx 000 0 und d
999
_c
400934
_d
400933